Ανδρί κόσμος : τιμητικός τόμος στον καθηγητή Κωνσταντίνο Κ. Χατζόπουλο

Αποθηκεύτηκε σε:
Λεπτομέρειες βιβλιογραφικής εγγραφής
Άλλοι συγγραφείς: Τσιγάρας, Γεώργιος Χρ. 1959- (Επιμελητής έκδοσης), Ναξίδου, Ελεονώρα (edtf), Στρατηγόπουλος, Δημοσθένης (Επιμελητής έκδοσης)
Μορφή: Βιβλίο
Γλώσσα:Greek
Δημοσίευση: Θεσσαλονίκη : Σταμούλης, 2019.
Θέματα:
Ετικέτες: Προσθήκη ετικέτας
Δεν υπάρχουν, Καταχωρήστε ετικέτα πρώτοι!

MARC

LEADER 00000cam a2200000 a 4500
001 1/123827
008 211101s2019####gr ||| |||| ||gre||
020 |a 9786185306830 
040 |a GR-MyUa  |b gre  |c GR-MyUa  |e AACR2 
041 0 |a gre 
082 7 |a 938  |2 (23) 
245 0 0 |a Ανδρί κόσμος :   |b τιμητικός τόμος στον καθηγητή Κωνσταντίνο Κ. Χατζόπουλο /   |c επιμέλεια Γεώργιος Χρ. Τσιγάρας, Ελεονώρα Ναξίδου, Δημοσθένης Στρατηγόπουλος.  
260 |a Θεσσαλονίκη :   |b Σταμούλης,   |c 2019.  
300 |a 744 σ. ;   |c 24 εκ.  
504 |a Περιλαμβάνει βιβλιογραφικές παραπομπές.  
651 0 |a Greece  |x History. 
651 0 |a Greece  |x Civilization. 
700 1 |a Τσιγάρας, Γεώργιος Χρ.   |d 1959-  |e edt 
700 1 |a Ναξίδου, Ελεονώρα,  |e edtf 
700 1 |a Στρατηγόπουλος, Δημοσθένης,  |e edt 
852 |a INST  |b LESVOS  |e 20211101  |h 938 ΑΝΔ  |p 005100063843  |q 005100063843  |t BK  |y 0 
970 |a Καμάτσου  |b Δέσποινα  |z 01-11-2021